Date a live opening and ending songs - Statistics

General Stats
  • This quiz has been taken 10 times
  • The average score is 4 of 10
Answer Stats
Hint Answer % Correct
season 3 op i swear
86%
season 1 op date a live
71%
season 2 op trust in you
71%
movie ver invisible date
29%
season 1 ed 2 save the world
29%
season 2 ed day to story
14%
season 1 ed 1 Hatsukoi Winding Road
14%
season 3 ed last promise
14%
season 1 ed 3 save my heart
14%
season 1 ed 4 strawberry rain
14%
No matching quizzes found
Score Distribution
Percent of People with Each Score
Percentile by Number Answered
Your Score History
You have not taken this quiz